| 000 -LEADER |
| fixed length control field |
01050cas a2200301 a 4500 |
| 005 - DATE AND TIME OF LATEST TRANSACTION |
| control field |
20131127091425.0 |
| 008 - FIXED-LENGTH DATA ELEMENTS--GENERAL INFORMATION |
| fixed length control field |
131127b xxu||||| |||| 00| 0 eng d |
| 041 0# - LANGUAGE CODE |
| Language code of text/sound track or separate title |
eng |
| 080 ## - UNIVERSAL DECIMAL CLASSIFICATION NUMBER |
| Universal Decimal Classification number |
347(094.2) STA |
| 245 00 - TITLE STATEMENT |
| Title |
Blackstone's statutes on intellectual property. |
| 246 30 - VARYING FORM OF TITLE |
| Title proper/short title |
Intellectual property |
| 246 1# - VARYING FORM OF TITLE |
| Display text |
Title for 6th-8th ed. varies slightly: |
| Title proper/short title |
Blackstone's statutes intellectual property |
| 250 ## - |
| -- |
5th edition |
| 260 ## - |
| -- |
London : |
| -- |
Blackstone Press |
| 260 3# - |
| -- |
Oxford ; |
| -- |
New York : |
| -- |
Oxford University Press |
| 300 ## - |
| -- |
526 f. ; |
| -- |
22 cm. |
| 490 1# - |
| -- |
Blackstone's statutes |
| 500 ## - |
| -- |
Editor's preface : f. [IX] - X |
| 500 ## - |
| -- |
Edited by: Andrew Christie, Stephen Gare. |
| 500 ## - |
| -- |
Includes index |
| 650 #0 - |
| -- |
Pronësia intelektuale |
| -- |
Britania e madhe |
| 650 #0 - |
| -- |
Pronësia intelektuale |
| -- |
Vendet Europiane |
| 650 #0 - |
| -- |
Pronësia intelektuale (e drejta ndërkombëtare) |
| 700 1# - |
| -- |
Christie, Andrew, |
| -- |
LL. M., Ph. D. |
| 700 1# - |
| -- |
Gare, Stephen. |
| 830 #0 - |
| -- |
Blackstone's statutes. |
| 942 ## - ADDED ENTRY ELEMENTS (KOHA) |
| Source of classification or shelving scheme |
|
| Item type |
Books |